Statistics for African Countries In ABC Order

Click here to take the quiz!

General Stats

  • This quiz has been taken 31 times
    (13 since last reset)
  • The average score is 24 of 52

Answer Stats

Answer% Correct
Algeria
100%
Angola
100%
Benin
92%
Botswana
92%
Burkina Faso
83%
Cape Verde
83%
Central African Republic
83%
Chad
83%
Comoros
83%
Burundi
75%
Cameroon
75%
Congo
75%
Djibouti
67%
Eritrea
58%
Ethiopia
58%
Gabon
58%
Gambia
58%
Egypt
50%
Equatorial Guinea
50%
Guinea Bissau
42%
Ivory Coast
42%
Liberia
42%
Libya
42%
Madagascar
42%
Malawi
42%
Mali
42%
Mauritania
42%
Mauritius
42%
Mozambique
42%
Zambia
42%
Zimbabwe
42%
Guinea
33%
Kenya
33%
Lesotho
33%
Namibia
33%
Niger
33%
Nigeria
33%
Seychelles
33%
Uganda
33%
Morocco
25%
Sao Tome and Principe
25%
Sierra Leone
25%
Senegal
17%
Somalia
17%
South Africa
17%
South Sudan
17%
Sudan
17%
Swaziland
17%
Tanzania
17%
Togo
17%
Tunisia
17%
Rwana
8%

Score Distribution

Percentile by Number Answered

Percent of People with Each Score

Your Score History

You have not taken this quiz since the last reset